[Event "Regionalliga Sued-Ost 1819"]
[Site "Bayern"]
[Date "2018.11.25"]
[Round "3.2"]
[White "Schmidt, Anton"]
[Black "Grum, Theodor"]
[Result "1-0"]
[WhiteElo "2029"]
[BlackElo "1780"]
[PlyCount "71"]
[EventDate "2018.10.21"]
[EventType "team-tourn"]
[EventRounds "9"]
[EventCountry "GER"]
[SourceTitle "EXT 2022"]
[Source "ChessBase"]
[SourceDate "2021.10.06"]
[SourceVersion "1"]
[SourceVersionDate "2021.10.06"]
[SourceQuality "1"]
[WhiteTeam "Groebenzell II"]
[BlackTeam "Grafenau"]
[WhiteTeamCountry "GER"]
[BlackTeamCountry "GER"]

1. c4 c5 2. g3 Nc6 3. Bg2 g6 4. Nf3 Bg7 5. Nc3 e6 6. d3 Nge7 7. Bg5 h6 8. Bd2 0-0 9. a3 b6 10. Rb1 Bb7 11. 0-0 Rb8 12. b4 cxb4 13. axb4 d5 14. Qc1 Kh7 15. b5 Na5 16. Na4 dxc4 17. Bxa5 bxa5 18. dxc4 a6 19. Rd1 Qc7 20. b6 Qc8 21. Qa3 Qxc4 22. Nd2 Qxe2 23. Qxe7 Bxg2 24. Kxg2 Bd4 25. Rf1 Qxd2 26. Rbd1 Qe2 27. Rxd4 e5 28. Rh4 Rbe8 29. Qb7 g5 30. Qe4+ Qxe4+ 31. Rxe4 f5 32. Rc4 f4 33. f3 h5 34. Nc5 Rf6 35. b7 Rb6 36. Nd7 1-0

[Event "Regionalliga Sued-Ost 1819"]
[Site "Bayern"]
[Date "2018.11.11"]
[Round "2.2"]
[White "Grum, Theodor"]
[Black "Litzka, Matthias"]
[Result "0-1"]
[WhiteElo "1780"]
[BlackElo "2056"]
[PlyCount "120"]
[EventDate "2018.10.21"]
[EventType "team-tourn"]
[EventRounds "9"]
[EventCountry "GER"]
[SourceTitle "EXT 2022"]
[Source "ChessBase"]
[SourceDate "2021.10.06"]
[SourceVersion "1"]
[SourceVersionDate "2021.10.06"]
[SourceQuality "1"]
[WhiteTeam "Grafenau"]
[BlackTeam "Starnberg SC"]
[WhiteTeamCountry "GER"]
[BlackTeamCountry "GER"]

1. e4 c5 2. Nf3 e6 3. d3 Nc6 4. g3 g6 5. Bg2 Bg7 6. 0-0 Nge7 7. Re1 0-0 8. Nbd2 d5 9. Qe2 b5 10. h4 a5 11. e5 Ba6 12. Nb3 Qb6 13. Be3 d4 14. Bg5 Nd5 15. Qd2 a4 16. Nc1 c4 17. Bh6 c3 18. bxc3 dxc3 19. Qg5 b4 20. h5 Qd8 21. hxg6 Qxg5 22. gxh7+ Kxh7 23. Bxg5 Rfc8 24. Re4 Rab8 25. Rb1 Kg6 26. Be3 Nxe3 27. Rxe3 Bh6 28. Nh4+ Kg7 29. Re4 Ne7 30. f4 Nd5 31. Kf2 Rc5 32. g4 Bxf4 33. Ne2 Bh6 34. Ng3 Bxd3 35. g5 Bxg5 36. Rg4 f6 37. cxd3 c2 38. Rc1 b3 39. exf6+ Kf7 40. Rxg5 b2 41. Rg7+ Kxf6 42. Nh5+ Ke5 43. d4+ Kxd4 44. Nf3+ Kc3 45. Rxc2+ Kxc2 46. Ne1+ Kd2 47. Be4 b1Q 48. Nf3+ Kc3 49. Bxb1 Rb2+ 50. Nd2 Kxd2 51. Bh7 Kc3+ 52. Kf3 Rxa2 53. Bg8 Rh2 54. Ng3 Rc7 55. Ne4+ Kc4 56. Rg4 Kb5 57. Bf7 Rh8 58. Ng5 Rf8 59. Ke2 a3 60. Rg1 Nc3+ 0-1

[Event "Niederbayernliga 1516"]
[Site "Bayern"]
[Date "2016.02.21"]
[Round "7.2"]
[White "Theiss, Johann"]
[Black "Grum, Theodor"]
[Result "0-1"]
[WhiteElo "1979"]
[BlackElo "1825"]
[PlyCount "52"]
[EventDate "2015.10.11"]
[EventType "team-tourn"]
[EventRounds "9"]
[EventCountry "GER"]
[SourceTitle "EXT 2023"]
[Source "ChessBase"]
[SourceDate "2022.10.05"]
[SourceVersion "1"]
[SourceVersionDate "2022.10.05"]
[SourceQuality "1"]
[WhiteTeam "Landau Dingolfing"]
[BlackTeam "Grafenau"]
[WhiteTeamCountry "GER"]
[BlackTeamCountry "GER"]

1. d4 Nf6 2. c4 g6 3. Nc3 d5 4. cxd5 Nxd5 5. e4 Nxc3 6. bxc3 Bg7 7. Be3 c5 8. Qd2 Qa5 9. Rd1 0-0 10. Bc4 cxd4 11. cxd4 Nc6 12. Ne2 Rd8 13. 0-0 Bd7 14. e5 Rac8 15. Bb3 Qa6 16. Bg5 h6 17. Bxh6 Bxh6 18. Qxh6 Na5 19. Bxf7+ Kxf7 20. Qh7+ Kf8 21. Nf4 Bf5 22. e6 Qxe6 23. Nxe6+ Bxe6 24. Qxg6 Rd6 25. Rd3 Bf7 26. Rf3 Rxg6 0-1

[Event "Niederbayernliga 1213"]
[Site "Bayern"]
[Date "2013.??.??"]
[Round "8"]
[White "Grum, Theodor"]
[Black "Zepke, Armin"]
[Result "0-1"]
[WhiteElo "1848"]
[BlackElo "1975"]
[PlyCount "58"]
[EventDate "2012.10.14"]
[EventType "team-tourn"]
[EventRounds "9"]
[EventCountry "GER"]
[SourceTitle "EXT 2023"]
[Source "ChessBase"]
[SourceDate "2022.10.05"]
[SourceVersion "1"]
[SourceVersionDate "2022.10.05"]
[SourceQuality "1"]
[WhiteTeam "Grafenau"]
[BlackTeam "Regen/Viechtach"]
[WhiteTeamCountry "GER"]
[BlackTeamCountry "GER"]

1. e4 e6 2. d3 d5 3. Nd2 Nf6 4. Ngf3 Be7 5. g3 0-0 6. Bg2 c5 7. 0-0 Nc6 8. Re1 b5 9. e5 Nd7 10. Nf1 a5 11. h4 b4 12. Bf4 Qb6 13. h5 g6 14. a3 Ba6 15. Ne3 Rab8 16. Nxd5 exd5 17. e6 fxe6 18. Bxb8 Ndxb8 19. Rxe6 Bc8 20. Qe2 Qd8 21. Ne5 Nd4 22. Rxg6+ hxg6 23. Qd2 Qd6 24. f4 Nbc6 25. Re1 Nxe5 26. Rxe5 Be6 27. c4 dxc4 28. Be4 Bf6 29. Bxg6 Nf3+ 0-1

[Event "Niederbayernliga 1112"]
[Site "Bayern"]
[Date "2012.??.??"]
[Round "9"]
[White "Petran, Peter"]
[Black "Grum, Theodor"]
[Result "1-0"]
[WhiteElo "2290"]
[BlackElo "1825"]
[PlyCount "50"]
[EventDate "2011.10.??"]
[EventType "team-tourn"]
[EventRounds "9"]
[EventCountry "GER"]
[SourceTitle "EXT 2023"]
[Source "ChessBase"]
[SourceDate "2022.10.05"]
[SourceVersion "1"]
[SourceVersionDate "2022.10.05"]
[SourceQuality "1"]
[WhiteTeam "Bayerwald Regen"]
[BlackTeam "Grafenau"]
[WhiteTeamCountry "GER"]
[BlackTeamCountry "GER"]

1. Nf3 c5 2. c4 Nc6 3. d4 cxd4 4. Nxd4 g6 5. e4 Bg7 6. Nc2 Nf6 7. Nc3 0-0 8. Be2 d6 9. 0-0 Bd7 10. Be3 Qc8 11. f3 Ne5 12. Na3 Be6 13. Nd5 Bxd5 14. cxd5 Qb8 15. Rc1 Rc8 16. Qd2 a6 17. Qa5 b5 18. Rxc8+ Qxc8 19. Rc1 Qb8 20. b3 e6 21. dxe6 fxe6 22. Nc2 Nc6 23. Qc3 Qb7 24. Nd4 Nxd4 25. Bxd4 d5 1-0

[Event "Niederbayern-ch"]
[Site "Mamming"]
[Date "2011.03.12"]
[Round "6"]
[White "Grum, Theodor"]
[Black "Huber, Florian"]
[Result "1-0"]
[WhiteElo "1777"]
[BlackElo "1394"]
[PlyCount "51"]
[EventDate "2011.03.10"]
[EventType "swiss"]
[EventRounds "7"]
[EventCountry "GER"]
[SourceTitle "EXT 2023"]
[Source "ChessBase"]
[SourceDate "2022.10.05"]
[SourceVersion "1"]
[SourceVersionDate "2022.10.05"]
[SourceQuality "1"]

1. e4 c5 2. Nf3 e6 3. d3 d5 4. Nbd2 Nc6 5. g3 d4 6. e5 Qc7 7. Qe2 f6 8. exf6 Nxf6 9. Nc4 Bd6 10. Nxd6+ Qxd6 11. Bf4 Qe7 12. Bg2 0-0 13. 0-0 Nd5 14. Bg5 Qd6 15. Rae1 Bd7 16. Ne5 Rae8 17. Bc1 Rf5 18. Nxd7 Qxd7 19. Be4 Rf7 20. Qh5 g6 21. Qg5 Nf6 22. Qxc5 Nxe4 23. Rxe4 Ref8 24. Bh6 Rf5 25. Qa3 Qf7 26. Bxf8 1-0

[Event "Niederbayernliga 1011"]
[Site "Germany"]
[Date "2011.02.06"]
[Round "6.2"]
[White "Grum, Theodor"]
[Black "Gruber, Roland"]
[Result "0-1"]
[WhiteElo "1808"]
[BlackElo "1849"]
[PlyCount "64"]
[EventDate "2010.10.10"]
[EventType "team-tourn"]
[EventRounds "9"]
[EventCountry "GER"]
[SourceTitle "EXT 2012"]
[Source "ChessBase"]
[SourceDate "2011.11.24"]
[SourceVersion "1"]
[SourceVersionDate "2011.11.24"]
[SourceQuality "1"]
[WhiteTeam "Grafenau"]
[BlackTeam "Schaibing"]
[WhiteTeamCountry "GER"]
[BlackTeamCountry "GER"]

1. e4 e6 2. d3 d5 3. Nd2 c5 4. Ngf3 Nc6 5. g3 Bd6 6. Bg2 Nge7 7. 0-0 0-0 8. Re1 f6 9. h4 b5 10. c4 Nb4 11. Bf1 bxc4 12. dxc4 d4 13. e5 fxe5 14. Nxe5 Qc7 15. Ndf3 Bb7 16. Bh3 Bxf3 17. Bxe6+ Kh8 18. Nxf3 Bxg3 19. Kg2 Bxf2 20. Kxf2 Qh2+ 21. Kf1 Qh1+ 22. Kf2 Qh2+ 23. Kf1 Qg3 24. Bg5 Rxf3+ 25. Qxf3 Qxf3+ 26. Kg1 Nd3 27. Rf1 Qg3+ 28. Kh1 Nf2+ 29. Rxf2 Qxf2 30. Bh3 Nf5 31. Bg2 Re8 32. Rf1 Ng3+ 0-1

[Event "Niederbayernliga 1011"]
[Site "Germany"]
[Date "2010.12.12"]
[Round "4.2"]
[White "Grum, Theodor"]
[Black "Mayr, Michael"]
[Result "1/2-1/2"]
[WhiteElo "1808"]
[BlackElo "1795"]
[PlyCount "35"]
[EventDate "2010.10.10"]
[EventType "team-tourn"]
[EventRounds "9"]
[EventCountry "GER"]
[SourceTitle "EXT 2012"]
[Source "ChessBase"]
[SourceDate "2011.11.24"]
[SourceVersion "1"]
[SourceVersionDate "2011.11.24"]
[SourceQuality "1"]
[WhiteTeam "Grafenau"]
[BlackTeam "Simbach"]
[WhiteTeamCountry "GER"]
[BlackTeamCountry "GER"]

1. e4 c5 2. Nf3 d6 3. d4 cxd4 4. Nxd4 Nf6 5. Nc3 g6 6. Be3 Bg7 7. Be2 0-0 8. 0-0 Nc6 9. h3 Bd7 10. Qd2 a6 11. f4 b5 12. a3 Qc7 13. Bf3 Rab8 14. Rad1 Na5 15. b3 Rfc8 16. Nd5 Nxd5 17. exd5 Nb7 18. Rc1 1/2-1/2

[Event "Niederbayern-ch"]
[Site "Mamming"]
[Date "2010.06.04"]
[Round "4"]
[White "Grum, Theodor"]
[Black "Palmi, Herbert"]
[Result "1/2-1/2"]
[WhiteElo "1773"]
[BlackElo "2008"]
[PlyCount "39"]
[EventDate "2010.06.03"]
[EventType "swiss"]
[EventRounds "7"]
[EventCountry "GER"]
[SourceTitle "EXT 2023"]
[Source "ChessBase"]
[SourceDate "2022.10.05"]
[SourceVersion "1"]
[SourceVersionDate "2022.10.05"]
[SourceQuality "1"]

1. e4 c5 2. Nf3 a6 3. c4 g6 4. d4 Bg7 5. Nc3 cxd4 6. Nxd4 Nc6 7. Be3 d6 8. Be2 Nf6 9. 0-0 0-0 10. f3 Nh5 11. Kh1 e5 12. Nxc6 bxc6 13. Qd2 Qe7 14. Rad1 Rd8 15. c5 Bf8 16. cxd6 Rxd6 17. Qxd6 Qxd6 18. Rxd6 Bxd6 19. Rd1 Be7 20. Bc4 1/2-1/2

[Event "Niederbayernliga 0910"]
[Site "Germany"]
[Date "2009.12.13"]
[Round "4.2"]
[White "Knechtel, Roland"]
[Black "Grum, Theodor"]
[Result "1-0"]
[WhiteElo "2156"]
[BlackElo "1772"]
[PlyCount "70"]
[EventDate "2009.10.18"]
[EventType "team-tourn"]
[EventRounds "9"]
[EventCountry "GER"]
[SourceTitle "EXT 2011"]
[Source "ChessBase"]
[SourceDate "2010.11.26"]
[SourceVersion "1"]
[SourceVersionDate "2010.11.26"]
[SourceQuality "1"]
[WhiteTeam "Roehrnbach"]
[BlackTeam "Grafenau"]
[WhiteTeamCountry "GER"]
[BlackTeamCountry "GER"]

1. c4 Nf6 2. Nf3 g6 3. Nc3 Bg7 4. d4 0-0 5. e4 d6 6. Be2 e5 7. 0-0 Nc6 8. d5 Ne7 9. Ne1 Ne8 10. Be3 f5 11. f3 f4 12. Bf2 g5 13. c5 h5 14. Rc1 Rf6 15. Qc2 g4 16. cxd6 cxd6 17. Nb5 Bd7 18. Qb3 g3 19. hxg3 fxg3 20. Bxg3 Bh6 21. Rc2 Ng6 22. Na3 h4 23. Bf2 Bf4 24. Bb5 h3 25. g3 h2+ 26. Kxh2 Bxb5 27. Nxb5 Qe7 28. Rh1 a6 29. Nc7 Rc8 30. Nxe8 Rxe8 31. Kg1 Bxg3 32. Bxg3 Qg7 33. Rg2 Nf4 34. Bxf4 Rg6 35. Bh6 Rxg2+ 1-0

[Event "Niederbayernliga 0809"]
[Site "Germany"]
[Date "2009.01.18"]
[Round "5.2"]
[White "Theiss, Johann"]
[Black "Grum, Theodor"]
[Result "1/2-1/2"]
[WhiteElo "1965"]
[BlackElo "1700"]
[PlyCount "79"]
[EventDate "2008.10.05"]
[EventType "tourn"]
[EventRounds "9"]
[EventCountry "GER"]
[SourceTitle "EXT 2010"]
[Source "ChessBase"]
[SourceDate "2010.11.25"]
[SourceVersion "1"]
[SourceVersionDate "2010.11.25"]
[SourceQuality "1"]
[WhiteTeam "Adlkofen"]
[BlackTeam "Grafenau"]
[WhiteTeamCountry "GER"]
[BlackTeamCountry "GER"]

1. d4 g6 2. e4 Bg7 3. c4 d6 4. Nc3 Nf6 5. g3 0-0 6. Bg2 e5 7. Nge2 Nc6 8. d5 Nd4 9. 0-0 Nxe2+ 10. Qxe2 Nh5 11. Bf3 Bh3 12. Bxh5 Bxf1 13. Kxf1 gxh5 14. Qxh5 Qf6 15. f3 Qg6 16. Qf5 Rae8 17. Kf2 h5 18. h3 Kh7 19. g4 Bh6 20. g5 Bg7 21. h4 Re7 22. Be3 f6 23. Qxg6+ Kxg6 24. Rh1 fxg5 25. hxg5 Ref7 26. Rh3 a6 27. b3 Rh8 28. a4 Bf8 29. Ne2 Be7 30. f4 exf4 31. Nxf4+ Kxg5 32. Rg3+ Kh6 33. Ke2 Bg5 34. Ne6 Bxe3 35. Kxe3 h4 36. Rg4 Kh5 37. Rg5+ Kh6 38. Rg4 Kh5 39. Rg5+ Kh6 40. Rg4 1/2-1/2

[Event "Niederbayernliga 0809"]
[Site "Germany"]
[Date "2008.11.30"]
[Round "3.2"]
[White "Menacher, Manfred"]
[Black "Grum, Theodor"]
[Result "1-0"]
[WhiteElo "2217"]
[BlackElo "1700"]
[PlyCount "79"]
[EventDate "2008.10.05"]
[EventType "tourn"]
[EventRounds "9"]
[EventCountry "GER"]
[SourceTitle "EXT 2010"]
[Source "ChessBase"]
[SourceDate "2010.11.25"]
[SourceVersion "1"]
[SourceVersionDate "2010.11.25"]
[SourceQuality "1"]
[WhiteTeam "Deggendorf"]
[BlackTeam "Grafenau"]
[WhiteTeamCountry "GER"]
[BlackTeamCountry "GER"]

1. c4 Nf6 2. g3 g6 3. Bg2 Bg7 4. Nc3 0-0 5. e4 d6 6. Nge2 e5 7. 0-0 Nc6 8. d3 Nh5 9. Rb1 f5 10. exf5 gxf5 11. f4 Nf6 12. b4 Re8 13. Kh1 h5 14. fxe5 dxe5 15. Bg5 Qd6 16. c5 Qf8 17. Nd5 Nxd5 18. Bxd5+ Be6 19. Bxe6+ Rxe6 20. Qb3 Qf7 21. Rf2 Rf8 22. Rbf1 Qg6 23. Be3 Kh7 24. b5 Ne7 25. d4 Bh6 26. dxe5 Rxe5 27. Bd4 Re4 28. c6 bxc6 29. Bxa7 Qe6 30. Qxe6 Rxe6 31. Nd4 Re5 32. Nxc6 Nxc6 33. bxc6 Ra5 34. Bd4 Kg6 35. Re1 Rd8 36. Re6+ Kh7 37. Be5 Be3 38. Rc2 Bb6 39. Bxc7 Rd1+ 40. Kg2 1-0